000 00507nam a22001937a 4500
003 OSt
005 20260602113334.0
008 260602b |||||||| |||| 00| 0 eng d
020 _a978-0-143-41902-0
040 _cSBCL
082 _a920
_bTHA-N
100 _aTharoor,Shashi
245 _aNehru
_bThe Invention Of India
260 _aHaryana
_bPenguin Random House India
_c2012
300 _a226p.
630 _xHistory & geography
650 _aBiography, genealogy & insignia
942 _cBOOK
999 _c138334
_d138334